| 000 | 00367nam a2200109Ia 4500 | ||
|---|---|---|---|
| 008 | 170221s9999 xx 000 0 und d | ||
| 100 | _aRooney, Jim. | ||
| 245 | _aAlternative Representation of Management Control Design: an empirical exploration and critical analysis | ||
| 245 | _cJim Rooney | ||
| 650 | _xBusiness | ||
| 856 | _uhttp://ro.uow.edu.au/aabfj/vol7/iss4/6/ | ||
| 999 |
_c307407 _d307407 |
||